Marching on Tanga (with General Smuts in East Africa) / (Record no. 7923)
[ view plain ]
| 000 -LEADER | |
|---|---|
| fixed length control field | 00800cam a2200241u 4500 |
| 001 - CONTROL NUMBER | |
| JCCL Control Number | 7923 |
| 003 - CONTROL NUMBER IDENTIFIER | |
| JCCL marc code | BD-JhCC |
| 005 - DATE AND TIME OF LATEST TRANSACTION | |
| control field | 20180925115441.0 |
| 008 - FIXED-LENGTH DATA ELEMENTS--GENERAL INFORMATION | |
| fixed length control field | 821208s1917 enkbf 000 0 eng |
| 035 ## - SYSTEM CONTROL NUMBER | |
| system control number | (BD-JhCC)7923 |
| 040 ## - CATALOGING SOURCE | |
| Original cataloging agency | DLC |
| Transcribing agency | CarP |
| Modifying agency | DLC |
| -- | BD-JhCC |
| 041 ## - LANGUAGE CODE | |
| Language code of Book | eng |
| 050 00 - LIBRARY OF CONGRESS CALL NUMBER | |
| Classification number | D576.G3 |
| Item number | Y7 |
| 082 ## - DEWEY DECIMAL CLASSIFICATION NUMBER | |
| Author mark and Year | YOU 1917 |
| Classification number | 940.416092 |
| 100 1# - MAIN ENTRY--PERSONAL NAME | |
| Personal name | Young, Francis Brett, |
| Dates associated with a name | 1884-1954. |
| 245 10 - TITLE STATEMENT | |
| Title | Marching on Tanga (with General Smuts in East Africa) / |
| Statement of responsibility, etc | Francis Brett Young, |
| 260 ## - PUBLICATION, DISTRIBUTION, ETC. (IMPRINT) | |
| Place of publication, distribution, etc | London [etc.] |
| Name of publisher, distributor, etc | W. Collins sons & co. ltd. |
| Date of publication, distribution, etc | [c1917] |
| 300 ## - PHYSICAL DESCRIPTION | |
| Pagination | xi, [1], 264, [2] p. |
| Other physical details | incl. front. plates, fold. map. |
| Dimensions | 20 cm. |
| 650 #0 - SUBJECT ADDED ENTRY--TOPICAL TERM | |
| Topical term or geographic name as entry element | World War, 1914-1918 |
| Form subdivision | Personal narratives, British. |
| 650 #0 - SUBJECT ADDED ENTRY--TOPICAL TERM | |
| Topical term or geographic name as entry element | World War, 1914-1918 |
| General subdivision | Campaigns |
| Geographic subdivision | German East Africa. |
| 942 ## - ADDED ENTRY ELEMENTS (KOHA) | |
| Source of classification or shelving scheme | Dewey Decimal Classification |
| Koha item type | Books |
| Source of classification or shelving scheme | Damaged status | Not for loan | Home library | Current library | Shelving location | Total Checkouts | Full call number | Barcode | Date last seen | Copy number | Koha item type |
|---|---|---|---|---|---|---|---|---|---|---|---|
| Dewey Decimal Classification | JCC Rouf Library | JCC Rouf Library | General Stacks | 940.416092 YOU 1917 | 10384 | 02/15/2018 | C - 1 | Books |